| Поле | Инд. | ПП | Название | Значение |
|---|---|---|---|---|
| Тип записи | a | |||
| Библиографический уровень | a | |||
| 001 | Контрольный номер | RU/IS/BASE/135777714 | ||
| 005 | Дата корректировки | 20240304094905.1 | ||
| 084 | a | Индекс другой классификации/Индекс ББК | 81.40-00 | |
| 090 | 00 | a | Полочн. индекс | 81я43 |
| x | Авторский знак | П 781 | ||
| 100 | 10 | a | Автор | Широков О. С. |
| 245 | 00 | a | Заглавие | Лингвистическая география и типология языков (на материале бесписьменных диалектов Балканского полуострова) |
| 650 | 04 | a | Основная рубрика | филологические науки; языкознание |
| 653 | 00 | a | Ключевые слова | "Form" |
| a | Ключевые слова | "Stoff" | ||
| a | Ключевые слова | балканские языки | ||
| a | Ключевые слова | балканский языковой союз | ||
| a | Ключевые слова | бесписьменные диалекты | ||
| a | Ключевые слова | вокализм | ||
| a | Ключевые слова | генеалогические классификации | ||
| a | Ключевые слова | греческий язык | ||
| a | Ключевые слова | диалектные явления | ||
| a | Ключевые слова | диалектология | ||
| a | Ключевые слова | консонантизм | ||
| a | Ключевые слова | лингвистическая география | ||
| a | Ключевые слова | общее | ||
| a | Ключевые слова | теория лингвистического картографирования | ||
| a | Ключевые слова | типологические классификации | ||
| 773 | 00 | d | Дата издания источника | Москва, 1967 |
| g | Прочая информация | С. 143-147 | ||
| t | Заглавие источника | Проблемы языкознания | ||
| w | Контрольный № источника | RU/IS/BASE/102085341 | ||
| 901 | t | Тип документа | a |